000 01673nam a2200409 i 4500
001 197628
003 ES-MaACL
005 20250811062539.0
007 ta
008 970912s1986 sp a ||| ||spa
016 7 _abimoBNE19971562790
_2SpMaBN
017 _aM 14247-1986
_bOficina Depósito Legal Madrid
020 _a8450534399
_qEdición rústica
024 _a301860619 (NIPO)
035 _a(OCoLC)433790924
035 _a(SpMaBN)Mimo0000675289
035 _a991056660659708606
040 _aSpMaBN
_bspa
_cSpMaBN
_erdc
080 _a75 Monet, Claude (083.824)
100 1 _aMonet, Claude,
_d1840-1926
_9240987
_eill
245 1 0 _aClaude Monet (1840-1926) :
_bMuseo Español de Arte Contemporáneo, Madrid, 29 de abril-30 de junio 1986
260 _a[Madrid]
_bMinisterio de Cultura : Fundación para el Apoyo de la Cultura
_c1986
300 _a549 páginas
_bilustraciones a color y blanco y negro
_c28 cm
336 _2rdacontent
_atexto
337 _2rdamedia
_asin mediación
338 _2rdacarrier
_avolumen
600 _aMonet, Claude,
_d1840-1926-
_vExposiciones
_9240988
655 7 _2tgfbne
_9193628
_aCatálogos de exposiciones
710 1 _aEspaña.
_bMinisterio de Cultura
_93850
710 0 _aFundación para el Apoyo de la Cultura
_94380
852 _aES-MaACL
_cDEPO1
_jA-15716
_hDonación: Fernando Codina Rodríguez
_xEncuadernación rústica con solapas
_9206074
903 _aCodina Rodríguez, Fernando
_ednr
_9238631
942 _n0
_cMONOGRAFIA
999 _c197628
_d197628